000 00534nam a2200181 4500
003 SEACOMEC
005 20240118161033.0
008 240118b |||||||| |||| 00| 0 eng d
020 _cRs275.00
040 _aSEACOMEC
082 _a670.285
_bR215
100 _aRao,P. Nageswara
245 1 _aCAD/CAM: principles and applications
_cP. Nageswara,Rao
250 _a2nd ed.
260 _aNew Delhi
_bTata McGraw Hill
_c2004
650 _aTechnology, Other products of specific kinds of materials .285 Computer applications
942 _cBOOK
999 _c503
_d503